000 00208 a2200097 4500
001 22597
100 _aWellman, W R
245 _aElementary Electricity
260 _a
_bNostrand
_c1959
090 _c15254
_d15254
942 _aNUST-CAE
_cM
_c5841
999 _c257670
_d257670